000 00316nam a22001457a 4500
003 SGT
082 _a615.53
_bB08D
100 _aDUBY, G.P.
245 _aBRAIN AGEING AND AYURVED
260 _aNEW DELHI
_bCCRAS
_c2008
300 _a307
650 _aAYURVEDA
653 _aBRAIN, AGEING, AYURVED
942 _2ddc
_cBK
999 _c34657
_d34657